Counting the true cost of dilapidations (Record no. 49728)
[ view plain ]
| 000 -LEADER | |
|---|---|
| fixed length control field | 01046cab a2200277 4500 |
| 001 - CONTROL NUMBER | |
| control field | ABS57153 |
| 008 - FIXED-LENGTH DATA ELEMENTS--GENERAL INFORMATION | |
| fixed length control field | 090401t1997 xxu||||| |||| 00| 0 eng d |
| 035 ## - SYSTEM CONTROL NUMBER | |
| System control number | (Sirsi) u79122 |
| 041 ## - LANGUAGE CODE | |
| Language code of text/sound track or separate title | eng |
| 100 ## - MAIN ENTRY--PERSONAL NAME | |
| Personal name | Watts, R. |
| 245 ## - TITLE STATEMENT | |
| Title | Counting the true cost of dilapidations |
| 260 ## - PUBLICATION, DISTRIBUTION, ETC. | |
| Date of publication, distribution, etc. | 1997 |
| 350 ## - PRICE (NR) (BK AM CF MU VM SE) [OBSOLETE] | |
| Price | 0 |
| 490 ## - SERIES STATEMENT | |
| Series statement | CSM (Chartered Surveyor Monthly) |
| Volume/sequential designation | 6(9) June 1997, 34-35(2) |
| 520 ## - SUMMARY, ETC. | |
| Summary, etc. | Reviews the problems which can be associated with loss of rent in dilapidation claims in the light of the cases "Shortlands Investments Ltd v Cargill plc" and "Scottish Amicable Life Assurance Society v British Telecommunications plc". |
| 650 ## - SUBJECT ADDED ENTRY--TOPICAL TERM | |
| Topical term or geographic name entry element | Dilapidations |
| 9 (RLIN) | 6235 |
| 650 ## - SUBJECT ADDED ENTRY--TOPICAL TERM | |
| Topical term or geographic name entry element | LANDLORD AND TENANT ACT 1927 S18(1) |
| 650 ## - SUBJECT ADDED ENTRY--TOPICAL TERM | |
| Topical term or geographic name entry element | LOSS OF RENT |
| 650 ## - SUBJECT ADDED ENTRY--TOPICAL TERM | |
| Topical term or geographic name entry element | SCOTTISH AMICABLE LIFE ASSURANCE SOCIETY V BRITISH TELECOMMUNICATIONS |
| 650 ## - SUBJECT ADDED ENTRY--TOPICAL TERM | |
| Topical term or geographic name entry element | SHORTLANDS INVESTMENTS LTD V CARGILL PLC |
| 650 ## - SUBJECT ADDED ENTRY--TOPICAL TERM | |
| Topical term or geographic name entry element | STATUTORY CAP |
| 690 ## - LOCAL SUBJECT ADDED ENTRY--TOPICAL TERM (OCLC, RLIN) | |
| Topical term or geographic name as entry element | LANDLORD AND TENANT-BUSINESS TENANCIES |
| 700 ## - ADDED ENTRY--PERSONAL NAME | |
| Personal name | Woodman, J. |
| 942 ## - ADDED ENTRY ELEMENTS (KOHA) | |
| Suppress in OPAC | 0 |
| 948 ## - LOCAL PROCESSING INFORMATION (OCLC); SERIES PART DESIGNATOR (RLIN) | |
| c (OCLC) | 23/06/1997 |
| Withdrawn status | Lost status | Source of classification or shelving scheme | Damaged status | Not for loan | Home library | Current library | Shelving location | Date acquired | Total Checkouts | Full call number | Barcode | Date last seen | Copy number | Price effective from | Koha item type |
|---|---|---|---|---|---|---|---|---|---|---|---|---|---|---|---|
| Dewey Decimal Classification | London | London | Journal article | 14/09/1999 | ABS57153 | 79122-1001 | 06/08/2019 | 1 | 06/08/2019 | Journal article |